000 00311nam a2200121Ia 4500
005 20251222142017.0
008 251222s9999||||xx |||||||||||||| ||spa||
020 _a9972-33-119-9
082 _a321.8/N37
100 _aNeira Magán, César Augusto
245 0 _aEl Colapso del Sistema Democrático:
942 _cLIB
999 _c10527
_d10527